| 000 | 01245cam a22002898i 4500 | ||
|---|---|---|---|
| 003 | OSt | ||
| 005 | 20260703103807.0 | ||
| 008 | 230829s2024 nyu b 001 0 eng | ||
| 020 |
_a9781032407272 _q(hardback) |
||
| 020 |
_a9781032394909 _q(paperback) |
||
| 020 |
_z9781003354499 _q(ebook) |
||
| 040 |
_aKABLIB _beng _erda _cKABLIB |
||
| 082 | 0 | 0 |
_a372.21 _223 _bUND |
| 100 | 1 |
_aMueller, Jennifer J., _eauthor. _915879 |
|
| 245 | 1 | 0 |
_aUnderstanding research in early childhood education : _bquanitative and qualitative methods / _cJennifer J. Mueller and Nancy File with Andrew J. Stremmel, Iheoma U Iruka, and Kristin L. Whyte. |
| 250 | _a2 ed. | ||
| 264 | 1 |
_aNew York, NY : _bRoutledge, _cc2024 |
|
| 300 |
_avii,203 p. : _bill, _c26 cm |
||
| 504 | _aIncludes bibliographical references, index. | ||
| 650 | 0 |
_aEarly childhood education _xResearch _xMethodology. _915880 |
|
| 700 | 1 |
_aFile, Nancy _915881 |
|
| 700 | 1 |
_aStremmel, Andrew J., _915882 |
|
| 700 | 1 |
_aIruka, Iheoma U, _eauthor. _915883 |
|
| 700 | 1 |
_aWhyte, Kristin L., _915884 |
|
| 776 | 0 | 8 |
_iOnline version : _aMueller, Jennifer J. _tUnderstanding research in early childhood education _bSecond edition. _dNew York, NY : Routledge, [2024] _z9781003354499 _w(DLC) 2023039436 |
| 942 |
_2ddc _cBOOK |
||
| 999 |
_c6247 _d6247 |
||